[Event "German Bundesliga 2021-22"]
[Site "Germany"]
[Date "2022.05.01"]
[Round "6.3"]
[White "Ragger, Markus"]
[Black "Hansen, Sune Berg"]
[Result "1-0"]
[WhiteElo "2656"]
[BlackElo "2527"]
[Annotator "TA"]
[PlyCount "65"]
[EventDate "2022.03.05"]
[EventType "team-tourn"]
[EventCountry "GER"]
[SourceTitle "playchess.com"]
[Source "ChessBase"]
[SourceQuality "1"]
[TimeControl "40/5400+30:1800+30"]

{[%evp 9,65,21,27,25,18,23,21,8,0,0,37,36,45,40,35,29,28,24,41,25,71,70,127,150,128,128,237,111,120,134,112,109,158,152,181,153,160,160,236,232,208,170,185,159,215,218,216,138,141,120,247,247,263,251,477,308,603,568]} 1. e4 {[%emt 0:00:00]} c6 {[%emt 0:00:00]} 2. d4 {[%emt 0:00:00]} d5 {[%emt 0:00:00]} 3. e5 {[%emt 0:00:00]} c5 {[%emt 0:00:00]} 4. dxc5 {[%emt 0:00:00]} e6 {[%emt 0:00:00]} 5. Nf3 {[%emt 0:00:00]} Bxc5 {[%emt 0:00:00]} 6. a3 {[%emt 0:00:00] B12: Caro-Kann: Advance Variation.} Ne7 {[%emt 0:07:21][%cal Bg8e7,Be7g6,Bg6f4,Bf4d3][%mdl 32]} 7. b4 {[%emt 0:00:00]} Bb6 {[%emt 0:00:12]} 8. Nbd2 $5 {[%emt 0:00:32][%mdl 4] The position is equal. An interesting side line.} Ng6 {[%emt 0:10:22]} 9. Bb2 {[%emt 0:03:25]} a5 {[%emt 0:16:03] [#]} 10. h4 $146 {[%emt 0:04:15]} ({Predecessor:} 10. b5 Nd7 11. c4 O-O 12. Be2 Bc7 13. O-O Ndxe5 14. Qb3 Nf4 15. Nxe5 Nxe2+ 16. Kh1 {½-½ (64) Magold,F (1859)-Macias Pino,D (2126) Bratislava 2019}) 10... h5 {[%emt 0:07:25]} 11. b5 {[%emt 0:17:09]} ({But not} 11. Bb5+ Nc6 $11) 11... Nd7 {[%emt 0:01:50]} 12. Bd3 {[%emt 0:00:11]} Nf4 {[%emt 0:02:25]} 13. g3 {[%emt 0:06:20]} Nxd3+ {[%emt 0:01:01]} 14. cxd3 {[%emt 0:00:01]} Nc5 {[%emt 0:07:27]} (14... a4 $1 $11) 15. Qc2 $1 $16 {[%emt 0:06:59]} Bd7 {[%emt 0:01:30]} (15... a4 $1 $14) 16. a4 $1 {[%emt 0:00:38]} Rc8 {[%emt 0:09:26][%cal Oc5e4] [#]} 17. Qb1 $1 {[%emt 0:01:00]} Rh6 {[%emt 0:06:55]} (17... O-O $16) 18. d4 {[%emt 0:18:44]} (18. O-O $18 {has better winning chances.}) 18... Nxa4 {[%emt 0:04:07]} 19. Rxa4 {[%emt 0:01:03] Black must now prevent Ba3.} Bxb5 {[%emt 0:00:05]} 20. Ra3 {[%emt 0:00:06]} Qd7 {[%emt 0:08:15]} (20... Ba6 $142 21. Bc3 Qe7) 21. Bc3 {[%emt 0:11:13][%cal Bb2c3,Bc3b4,Bb4c5][%mdl 32]} a4 {[%emt 0:02:18]} 22. Kd1 {[%emt 0:00:50]} Bd8 {[%emt 0:03:52]} 23. Re1 {[%emt 0:03:33][%cal Bh1e1,Be1e3,Be3f3][%mdl 32]} Bc4 {[%emt 0:04:03]} (23... Kf8 $16 24. Bb4+ Kg8) 24. Bb4 {[%emt 0:10:01]} Qb5 {[%emt 0:03:47]} 25. Bc5 {[%emt 0:03:46]} Qxb1+ {[%emt 0:01:52]} 26. Nxb1 {[%emt 0:00:01]} Ba5 {[%emt 0:00:24]} (26... b6 $16) 27. Ree3 $18 {[%emt 0:01:24]} b5 {[%emt 0:01:29]} 28. Ne1 {[%emt 0:01:06]} Kd7 {[%emt 0:01:00][%cal Oc8c5]} 29. Nc2 {[%emt 0:00:35]} Rhh8 {[%emt 0:00:04] [#] Loses the game.} (29... Rg8 $16) 30. Rf3 $1 {[%emt 0:01:29]} Ke8 {[%emt 0:00:22]} 31. Nd2 {[%emt 0:00:44]} Rc6 $2 {[%emt 0:00:30]} (31... Bd8 32. Ne3 Be7) 32. Ra1 {[%emt 0:00:42]} Rh6 $2 {[%emt 0:00:22]} (32... Bxd2 33. Kxd2 Rc7) 33. Nxc4 {[%emt 0:00:38] Weighted Error Value: White=0.17 (very precise) /Black=0.45} 1-0

[Event "German Bundesliga 2021-22"]
[Site "Germany"]
[Date "2022.05.01"]
[Round "6.3"]
[White "Orlov, Andrey"]
[Black "Fridman, Daniel"]
[Result "1/2-1/2"]
[WhiteElo "2490"]
[BlackElo "2626"]
[Annotator "TA"]
[PlyCount "40"]
[EventDate "2022.03.05"]
[EventType "team-tourn"]
[EventCountry "GER"]
[SourceTitle "playchess.com"]
[Source "ChessBase"]
[SourceQuality "1"]
[TimeControl "40/5400+30:1800+30"]

{[%evp 9,40,0,0,0,0,0,0,0,0,0,0,0,0,0,0,0,0,0,0,0,0,0,0,0,0,0,0,0,0,0,0,0,0]} 1. e4 {[%emt 0:00:00]} e5 {[%emt 0:00:00]} 2. Nf3 {[%emt 0:00:00]} Nf6 {[%emt 0:00:00][%cal Bg8f6,Bf6e4,Be4f2,Bf2h1][%mdl 32]} 3. d4 {[%emt 0:00:00]} Nxe4 {[%emt 0:00:00]} 4. dxe5 {[%emt 0:00:00]} Bc5 {[%emt 0:01:58]} 5. Bc4 {[%emt 0:00:00]} Nxf2 {[%emt 0:00:37] The position is equal.} ({Don't do} 5... Bxf2+ 6. Kf1 d5 7. Qxd5 Qxd5 8. Bxd5 $16) 6. Bxf7+ $1 {[%emt 0:00:00][%mdl 64] [#] Decoy. C43: Petroff Defence: 3 d4.} Kxf7 {[%emt 0:00:06]} 7. Qd5+ {[%emt 0:00:00]} Kg6 {[%emt 0:00:07]} 8. Qxc5 {[%emt 0:00:00]} Nxh1 {[%emt 0:00:06]} 9. Nc3 {[%emt 0:00:00] aiming for Nd5.} h6 {[%emt 0:03:42]} ({Much less strong is} 9... d5 10. Nxd5 h6 11. Qc4 $16) 10. Qc4 {[%emt 0:00:28]} Kh7 {[%emt 0:01:30] Hoping for ...Re8.} 11. Nd5 {[%emt 0:04:26][%cal Od5f6]} Re8 $1 {[%emt 0:02:30] [#] Strongly threatening ...c6.} 12. Qe4+ {[%emt 0:02:12]} Kh8 {[%emt 0:01:17] ...d6 is the strong threat.} 13. Bxh6 {[%emt 0:00:45]} gxh6 {[%emt 0:01:00]} 14. Qf4 $1 {[%emt 0:00:18]} Re6 {[%emt 0:01:31] White must now prevent ...d6.} 15. Nxc7 $1 {[%emt 0:01:34] [#]} Qxc7 $146 {[%emt 0:06:25]} ({Predecessor:} 15... Rg6 16. Nxa8 d5 17. O-O-O Bg4 18. e6 Bxf3 19. gxf3 Nc6 20. Nc7 Nf2 21. Rxd5 Qe7 {½-½ (28) Fenwick,J (2437)-Remis Fernandez,J (2412) ICCF email 2013}) 16. Qf8+ {[%emt 0:00:17]} Kh7 {[%emt 0:00:07]} 17. Qf7+ {[%emt 0:00:03]} Kh8 {[%emt 0:00:09]} 18. Qf8+ {[%emt 0:00:05]} Kh7 {[%emt 0:00:11]} 19. Qf7+ {[%emt 0:00:04]} Kh8 {[%emt 0:00:06]} 20. Qf8+ {[%emt 0:00:08]} Kh7 {An interesting draw.  Weighted Error Value: White=0.00 (flawless) /Black=0.00 (flawless)} 1/2-1/2

[Event "German Bundesliga 2021-22"]
[Site "Germany"]
[Date "2022.05.01"]
[Round "6.3"]
[White "Johansson, Linus"]
[Black "Vogel, Roven"]
[Result "1-0"]
[WhiteElo "2473"]
[BlackElo "2452"]
[Annotator "TA"]
[PlyCount "113"]
[EventDate "2022.03.05"]
[EventType "team-tourn"]
[EventCountry "GER"]
[SourceTitle "playchess.com"]
[Source "ChessBase"]
[SourceQuality "1"]
[TimeControl "40/5400+30:1800+30"]

{[%evp 14,113,17,12,21,9,25,25,23,18,29,27,36,27,34,25,27,20,24,13,13,0,0,0,0,0,0,0,0,0,31,0,0,0,49,54,166,145,126,144,353,182,172,165,172,148,173,177,165,188,178,175,220,166,182,170,200,213,213,218,227,190,596,607,531,502,651,112,578,581,598,618,675,655,767,672,656,664,636,574,574,574,566,548,556,534,482,456,29972,29974,29974,29975,29974,29975,29966,29967,29981,29982,29982,29983,29983,29981]} 1. d4 {[%emt 0:00:00]} Nf6 {[%emt 0:00:00]} 2. c4 {[%emt 0:00:00]} e6 {[%emt 0:00:00]} 3. Nc3 {[%emt 0:00:00]} d5 {[%emt 0:00:00]} 4. cxd5 {[%emt 0:00:00]} exd5 {[%emt 0:00:00]} 5. Bg5 {[%emt 0:00:00]} Be7 {[%emt 0:00:00]} 6. e3 {[%emt 0:00:00]} O-O {[%emt 0:00:00]} 7. Bd3 {[%emt 0:00:00]} h6 {[%emt 0:00:00]} 8. Bf4 {[%emt 0:00:00]} Re8 {[%emt 0:04:22] 8...c5 is the modern continuation. D35: Queen's Gambit Declined: Exchange Variation.} 9. h3 {[%emt 0:00:00]} Bd6 {[%emt 0:10:38] Hoping for ...Bxf4.} 10. Nge2 {[%emt 0:00:00]} c6 {[%emt 0:00:20] White has an edge.} 11. Qc2 {[%emt 0:00:00]} a5 {[%emt 0:01:55]} 12. O-O {[%emt 0:00:00][%cal Be1g1,Bg1f1,Bf1g2,Bg2h2][%mdl 32] [#]} Nh5 $146 {[%emt 0:02:02]} ({Predecessor:} 12... b5 13. Rac1 Bb7 14. e4 Bxf4 15. Nxf4 dxe4 16. Nxe4 Nxe4 17. Bxe4 Qxd4 18. Bh7+ Kf8 {½-½ (36) Thistlewood,A (1617)-Pointon,M ICCF email 2017}) 13. Bxd6 {[%emt 0:03:52]} Qxd6 {[%emt 0:00:17]} 14. Na4 {[%emt 0:00:03]} Nd7 {[%emt 0:03:58]} 15. Rfc1 {[%emt 0:01:58]} Qe7 {[%emt 0:01:19]} 16. Kf1 {[%emt 0:06:46]} Qd6 {[%emt 0:08:03]} 17. g4 {[%emt 0:06:36]} Nhf6 {[%emt 0:13:15]} 18. Kg2 {[%emt 0:04:51]} h5 {[%emt 0:06:27]} 19. g5 $36 {[%emt 0:03:47][%mdl 2048] Black is under pressure.} Ne4 {[%emt 0:00:07]} 20. Bxe4 {[%emt 0:00:33]} dxe4 {[%emt 0:01:22]} 21. Nf4 {[%emt 0:01:47]} Qe7 {[%emt 0:04:17]} 22. Kh2 {[%emt 0:03:25]} Qxg5 {[%emt 0:06:29]} 23. Rg1 {[%emt 0:00:08]} Qh4 {[%emt 0:09:12]} (23... Qe7 $11 {is more appropriate.}) 24. Rg3 $1 $14 {[%emt 0:01:29]} Nf8 {[%emt 0:00:11]} (24... g6 $14) 25. Nb6 {[%emt 0:07:24]} Rb8 {[%emt 0:01:21][%cal Of8g6]} 26. Rag1 $1 {[%emt 0:06:19]} Ng6 $2 {[%emt 0:06:48]} (26... g6 $16) 27. Nxg6 {[%emt 0:10:52] Active counter play!} (27. Qb3 $142 Be6 28. Nxe6 Rxe6 29. Rxg6 Rxg6 30. Rxg6) 27... fxg6 $18 {[%emt 0:00:06]} 28. Nxc8 {[%emt 0:00:04] Dancing on a razor blade.} Rbxc8 {[%emt 0:02:15]} 29. Qb3+ {[%emt 0:00:36]} Kh8 {[%emt 0:00:21]} 30. Qxb7 {[%emt 0:01:38]} Qe7 {[%emt 0:05:54]} 31. Qxe7 {[%emt 0:00:46]} Rxe7 {[%emt 0:00:02]} 32. Rxg6 {[%emt 0:00:11][%mdl 4096] Endgame KRR-KRR} c5 {[%emt 0:01:33]} 33. d5 {[%emt 0:10:38]} Rf8 {[%emt 0:03:13]} 34. R1g2 {[%emt 0:01:49]} a4 {[%emt 0:05:33]} 35. Ra6 {[%emt 0:01:50]} Rb7 {[%emt 0:00:43]} 36. Rxa4 {[%emt 0:00:11]} Rxb2 {[%emt 0:00:06]} 37. Rxe4 {[%emt 0:00:06] And now f4 would win.} Rfxf2 {[%emt 0:00:04]} (37... Rd2 38. f4 Rxd5) 38. Rxf2 {[%emt 0:00:10]} Rxf2+ {[%emt 0:00:05] KR-KR} 39. Kg3 {[%emt 0:00:05]} Rd2 {[%emt 0:05:53]} 40. Re8+ {[%emt 0:02:45]} Kh7 {[%emt 0:00:06]} 41. e4 {[%emt 0:30:03]} g5 {[%emt 0:30:37]} 42. a4 {[%emt 0:05:45]} Rd3+ {[%emt 0:00:59]} 43. Kg2 {[%emt 0:00:59]} c4 {[%emt 0:00:54]} 44. Rc8 {[%emt 0:00:57]} Kg7 {[%emt 0:00:00]} 45. a5 {[%emt 0:00:00] Black must now prevent a6.} Kf6 {[%emt 0:00:00]} 46. Rxc4 {[%emt 0:00:00]} Ra3 {[%emt 0:00:00]} 47. Rc8 {[%emt 0:00:00]} Rxa5 {[%emt 0:00:00] [#]} 48. Re8 $1 {[%emt 0:00:00]} Ra2+ {[%emt 0:00:00]} 49. Kf3 {[%emt 0:00:00]} Ra3+ {[%emt 0:00:00] [#]} 50. Ke2 $1 {[%emt 0:00:00]} Rxh3 {[%emt 0:00:00]} (50... Kf7 $18 51. Re5 Rxh3 52. Rxg5 h4) 51. d6 {[%emt 0:00:00] White mates.} Rh2+ {[%emt 0:00:00]} 52. Kd3 {[%emt 0:00:00]} Rh1 {[%emt 0:00:00]} 53. Kc2 {[%emt 0:00:00]} Rh2+ {[%emt 0:00:00]} 54. Kc3 {[%emt 0:00:00]} Rh1 {[%emt 0:00:00]} 55. d7 {[%emt 0:00:00]} Rd1 {[%emt 0:00:00]} 56. d8=Q+ {[%emt 0:00:00]} Rxd8 {[%emt 0:00:00]} 57. Rxd8 {[%emt 0:00:00] Weighted Error Value: White=0.10 (very precise) /Black=0.47} 1-0

[Event "German Bundesliga 2021-22"]
[Site "Germany"]
[Date "2022.05.01"]
[Round "6.4"]
[White "Neiksans, Arturs"]
[Black "Berelowitsch, Alexander"]
[Result "1-0"]
[WhiteElo "2577"]
[BlackElo "2504"]
[Annotator "TA"]
[PlyCount "85"]
[EventDate "2022.03.05"]
[EventType "team-tourn"]
[EventCountry "GER"]
[SourceTitle "playchess.com"]
[Source "ChessBase"]
[SourceQuality "1"]
[TimeControl "40/5400+30:1800+30"]

{[%evp 15,85,43,62,47,44,58,52,41,51,48,37,46,47,45,45,24,26,16,12,12,12,19,8,0,2,6,11,9,5,6,6,8,8,4,8,0,0,0,14,5,80,2,2,5,14,4,18,7,7,2,2,0,22,28,21,15,15,26,17,23,68,68,68,68,422,416,308,382,592,591,616,579]} 1. d4 {[%emt 0:00:00]} e6 {[%emt 0:00:00]} 2. c4 {[%emt 0:00:00]} f5 {[%emt 0:00:00]} 3. g3 {[%emt 0:00:00]} Nf6 {[%emt 0:00:00]} 4. Bg2 {[%emt 0:00:00]} Bb4+ {[%emt 0:01:54]} 5. Nd2 {[%emt 0:00:00]} O-O {[%emt 0:00:18]} 6. Ngf3 {[%emt 0:00:00]} d6 {[%emt 0:06:38]} 7. O-O {[%emt 0:00:00]} Bxd2 {[%emt 0:00:03]} 8. Qxd2 {[%emt 0:00:00]} Qe7 {[%emt 0:00:39]} 9. b3 {[%emt 0:01:15] A90: Dutch Defence: Miscellaneous and Modern Stonewall (with ...Bd6).} e5 {[%emt 0:02:23]} 10. dxe5 {[%emt 0:22:27]} dxe5 {[%emt 0:00:47]} 11. Bb2 {[%emt 0:00:06] White is slightly better.} Nc6 {[%emt 0:00:40][%cal Bb8c6,Bc6d4,Bd4e2][%mdl 32]} 12. Qc3 {[%emt 0:01:13][%cal Rf3e5]} Re8 {[%emt 0:03:09]} 13. Rad1 {[%emt 0:08:03]} a5 {[%emt 0:03:59] [#]} 14. Ne1 $146 {[%emt 0:10:03]} ({Predecessor:} 14. a3 Bd7 15. Rfe1 Kh8 16. Nd2 e4 17. Nf1 Be6 18. Ne3 Rad8 19. c5 Nd5 20. Nxd5 Bxd5 {½-½ (35) Michiels,B (2533)-Alienkin,A (2394) Belgium 2015}) 14... Nd4 {[%emt 0:21:22]} 15. Kh1 {[%emt 0:02:23]} (15. Rd2 $5 {[%cal Re1d3]}) 15... Nxe2 {[%emt 0:04:47]} 16. Qd2 {[%emt 0:03:58]} Nd4 {[%emt 0:01:56]} 17. Bxd4 {[%emt 0:00:22]} exd4 {[%emt 0:00:29]} 18. Qxd4 {[%emt 0:00:05]} Ra6 {[%emt 0:07:14]} 19. Nc2 {[%emt 0:17:54]} Rd6 {[%emt 0:15:44]} 20. Qf4 {[%emt 0:02:08]} Rxd1 {[%emt 0:08:37]} 21. Rxd1 {[%emt 0:00:13]} Qe5 {[%emt 0:00:25]} 22. Qxe5 {[%emt 0:11:48]} Rxe5 {[%emt 0:00:13]} 23. f4 {[%emt 0:00:11]} Re8 {[%emt 0:04:25]} 24. Bf3 {[%emt 0:00:41]} Kf7 {[%emt 0:02:01]} 25. Kg1 {[%emt 0:00:59]} h6 {[%emt 0:02:05]} 26. h4 {[%emt 0:09:29]} Bd7 {[%emt 0:03:21]} 27. Kf2 {[%emt 0:02:55]} a4 {[%emt 0:07:11]} (27... b6 $11) 28. Ne3 {[%emt 0:01:55]} (28. Bxb7 $16 {With the idea b4.} axb3 29. axb3) 28... axb3 $11 {[%emt 0:02:25]} 29. axb3 {[%emt 0:00:03]} b6 {[%emt 0:00:36]} 30. Ra1 {[%emt 0:02:49]} Ke7 {[%emt 0:00:20]} 31. Ke2 {[%emt 0:01:15]} Kd6 {[%emt 0:00:38]} 32. Kd3 {[%emt 0:00:04]} g6 {[%emt 0:00:12][%cal Bg7g6,Bg6g5][%mdl 32]} 33. Rd1 {[%emt 0:02:03]} Rg8 {[%emt 0:00:01]} 34. Kc3+ {[%emt 0:00:21]} (34. b4 {keeps more tension.} g5 35. c5+ bxc5 36. Kc4+) 34... Ke7 {[%emt 0:00:01]} 35. Re1 {[%emt 0:00:26] [#] aiming for Nd5+.} Kd8 {[%emt 0:02:31]} 36. Ra1 {[%emt 0:00:35]} Ke7 {[%emt 0:00:02]} 37. Ra7 {[%emt 0:00:26]} g5 {[%emt 0:01:17]} 38. Nd5+ {[%emt 0:00:47]} ({Don't play} 38. Rxc7 $6 gxf4 39. gxf4 Kd8 40. Rxd7+ Nxd7 $11) 38... Nxd5+ {[%emt 0:00:27]} 39. Bxd5 {[%emt 0:00:04]} ({Don't go for} 39. cxd5 $2 gxf4 40. Kd4 fxg3 $19) 39... Rg7 {[%emt 0:00:32][%mdl 8192] [#] This move loses the game for Black.} (39... Rc8 $1 $14) 40. Rxc7 $18 {[%emt 0:01:15]} gxf4 {[%emt 0:00:35]} 41. gxf4 {[%emt 0:30:15]} Rg4 {[%emt 0:00:00]} (41... Rg3+ $142 42. Kb4 Rg4) 42. Rb7 {[%emt 0:00:00]} Kd8 {[%emt 0:05:32]} 43. Kd4 {[%emt 0:00:00] Weighted Error Value: White=0.06 (flawless) /Black=0.32} 1-0

[Event "German Bundesliga 2021-22"]
[Site "Germany"]
[Date "2022.05.01"]
[Round "6.4"]
[White "Ernst, Sipke"]
[Black "Tari, Aryan"]
[Result "0-1"]
[WhiteElo "2532"]
[BlackElo "2650"]
[Annotator "TA"]
[PlyCount "92"]
[EventDate "2022.03.05"]
[EventType "team-tourn"]
[EventCountry "GER"]
[SourceTitle "playchess.com"]
[Source "ChessBase"]
[SourceQuality "1"]
[TimeControl "40/5400+30:1800+30"]

{[%evp 15,91,-3,0,0,0,0,0,0,6,3,27,8,15,0,0,0,4,6,5,-43,-41,-90,-72,-81,-78,-87,-93,-74,-83,-89,-136,-90,-88,-75,-81,-77,-93,-87,-93,-88,-87,-94,-83,-118,-114,-110,-110,-134,-55,-55,-55,-55,-55,-56,-56,-87,-33,-33,-33,-189,0,-108,-90,-108,-108,-146,0,0,0,-131,-117,-287,-202,-880,-584,-1470,-1355,-29999]} 1. d4 {[%emt 0:00:00]} Nf6 {[%emt 0:00:00]} 2. c4 {[%emt 0:00:00]} e6 {[%emt 0:00:00]} 3. Nc3 {[%emt 0:00:00]} Bb4 {[%emt 0:00:00]} 4. e3 {[%emt 0:00:00]} O-O {[%emt 0:00:00]} 5. Bd2 {[%emt 0:00:00]} c5 {[%emt 0:00:00]} 6. Nf3 {[%emt 0:00:00]} cxd4 {[%emt 0:00:00]} 7. Nxd4 {[%emt 0:00:00]} Nc6 {[%emt 0:02:08]} 8. a3 {[%emt 0:00:33] is cutting edge theory.} Be7 {[%emt 0:03:28]} 9. Be2 {[%emt 0:13:47] A32: Symmetrical English: 2 Nf3 Nf6 3 d4 cxd4 4 Nxd4 e6.} d5 {[%emt 0:05:06]} 10. cxd5 {[%emt 0:14:44]} Nxd4 {[%emt 0:01:20]} 11. exd4 {[%emt 0:00:05] The position is equal.} exd5 {[%emt 0:15:02] [#]} 12. Qb3 $146 {[%emt 0:02:34]} ({Predecessor:} 12. O-O Qb6 13. Bg5 Be6 14. Na4 Qd6 15. Nc5 b6 16. Nxe6 fxe6 17. b4 a5 18. Bd2 {0-1 (66) Koutsourakis,E (1265)-Gratseas,S (2094) Heraklion 2014}) 12... Be6 {[%emt 0:10:54]} 13. Bf4 {[%emt 0:03:28]} (13. Qxb7 Rb8 14. Qxa7 Rxb2 $11) 13... Bd6 {[%emt 0:08:16]} 14. Bg5 {[%emt 0:04:34][%cal Bf4g5,Bg5h4,Bh4g3][%mdl 32]} h6 {[%emt 0:01:18]} 15. Bh4 {[%emt 0:05:52]} g5 {[%emt 0:03:32]} 16. Bg3 {[%emt 0:00:05]} Ne4 {[%emt 0:00:28]} 17. Nxe4 {[%emt 0:10:25]} (17. Bd3 $11) 17... dxe4 $15 {[%emt 0:00:15]} 18. Qxb7 {[%emt 0:02:44]} (18. Qe3 $15) 18... Rb8 $1 $36 {[%emt 0:05:28][%mdl 2048] Keeping White busy.} 19. Qxe4 {[%emt 0:11:54] [#] Bd3 is the strong threat.} Bd5 $1 {[%emt 0:05:15]} 20. Qc2 {[%emt 0:09:28]} (20. Qxd5 $2 Bb4+ $1 {[%mdl 512]} 21. axb4 Qxd5 $19) 20... Bxg2 {[%emt 0:03:52]} 21. Rg1 {[%emt 0:01:19]} Qa5+ {[%emt 0:04:34]} 22. Qd2 {[%emt 0:08:14]} (22. Qc3 $2 Bb4 $1 {[%mdl 512]} 23. axb4 Qxa1+ 24. Bd1 Rbc8 $1 $19) 22... Qxd2+ {[%emt 0:04:10][%mdl 64] Remove Defender} 23. Kxd2 {[%emt 0:00:04]} Rxb2+ {[%emt 0:00:25]} 24. Kc3 {[%emt 0:00:06]} Rxe2 {[%emt 0:00:51] Black is much more active.} 25. Rxg2 {[%emt 0:00:03]} Bxg3 {[%emt 0:03:04]} 26. hxg3 {[%emt 0:00:05][%mdl 4096] Endgame KRR-KRR} Rc8+ {[%emt 0:00:54]} 27. Kd3 {[%emt 0:00:10]} Rb2 {[%emt 0:01:00]} 28. a4 {[%emt 0:09:11]} Kg7 {[%emt 0:04:33]} 29. Ra3 {[%emt 0:00:48] [#]} Rc1 $1 {[%emt 0:01:28]} 30. Ke4 {[%emt 0:02:20]} Rd1 {[%emt 0:01:54]} 31. a5 {[%emt 0:01:12]} Rb4 {[%emt 0:03:44]} (31... h5 $17 32. Rc3 Kg6) 32. Rd3 $15 {[%emt 0:00:05]} f5+ {[%emt 0:03:28]} 33. Ke3 {[%emt 0:00:03]} Re1+ {[%emt 0:00:08]} 34. Kd2 $1 {[%emt 0:00:04]} Ra1 {[%emt 0:00:21]} 35. d5 {[%emt 0:00:54]} Rxa5 {[%emt 0:02:41]} (35... Rc4 $17 36. d6 Rcc1) 36. d6 {[%emt 0:00:47]} Rb2+ {[%emt 0:05:58]} 37. Ke3 $2 {[%emt 0:01:09]} (37. Kc1 $1 $15 Rb8 38. Kd2) 37... Ra4 $2 {[%emt 0:00:53]} (37... Re5+ $19 38. Kd4 Rbb5) 38. g4 {[%emt 0:01:24]} (38. d7 $2 {gets mated.} Re4+ 39. Kf3 g4#) (38. Rg1 $11 Re4+ 39. Kf3 g4+ 40. Kg2) 38... Re4+ $17 {[%emt 0:01:06]} (38... fxg4 $2 39. d7 Rb8 40. d8=Q Rxd8 41. Rxd8 $18) 39. Kf3 {[%emt 0:00:03]} Rf4+ {[%emt 0:00:59]} 40. Ke3 {[%emt 0:01:15]} Re4+ {[%emt 0:00:19]} ({Better is} 40... fxg4 $17 {Strongly threatening ...Rf3+.} 41. Rg3 (41. d7 $2 Rf3+ 42. Kd4 Rb4+ 43. Kc3 Rb3+ 44. Kxb3 Rxd3+ 45. Kc2 Rxd7 $19) 41... Rb8) 41. Kf3 $11 {[%emt 0:30:03]} Rf4+ {[%emt 0:00:00]} ({Black should try} 41... Rb8 $11) 42. Ke3 $17 {[%emt 0:00:00]} fxg4 {[%emt 0:00:00] Hoping for ...Rf3+.} 43. Rd5 $2 {[%emt 0:00:00]} ({Don't go for} 43. d7 $2 Rf3+ 44. Kd4 Rb4+ 45. Kc3 {[#]} Rb3+ $3 {[%mdl 512]} 46. Kxb3 Rxd3+ 47. Kc4 Rxd7 48. Rxg4 Kg6 $19) (43. Rg3 $17 Rb8 44. f3) 43... Kf6 {[%emt 0:00:00] aiming for ...Ke6.} 44. Rh2 $2 {[%emt 0:00:00]} ({But not} 44. d7 Rf3+ 45. Kd4 Rd2+ 46. Kc4 Rxd5 47. Kxd5 Ke7 48. Rxg4 Kxd7 $19) (44. Rg3 Ra4 45. Kd3 (45. d7 $2 Ra3+ 46. Rd3 Rxd3+ 47. Kxd3 Ke7 $19)) 44... Ke6 {[%emt 0:00:00]} 45. Rd1 {[%emt 0:00:00]} Ke5 {[%emt 0:00:00][%csl Gg4][%cal Rf4f3]} 46. d7 {[%emt 0:00:00]} Rf3# {Weighted Error Value: White=0.76/Black=0.22 (precise)} 0-1